Avances, políticas públicas y agenda de investigación en teoría del capital social /

I tiakina i:
Ngā taipitopito rārangi puna kōrero
Kaituhi matua: Putnam, Robert D. (autor)
Hōputu: Pukapuka
Reo:Pāniora
I whakaputaina: México : Universidad Iberoamericana, Plantel Santa Fe, Instituto de Investigaciones sobre Desarrollo Sustentable y Equidad Social, 2005, c2005
Rangatū:(Análisis del Desarrollo ; 3)
Ngā marau:
Ngā Tūtohu: Tāpirihia he Tūtohu
Kāore He Tūtohu, Me noho koe te mea tuatahi ki te tūtohu i tēnei pūkete!

MARC

LEADER 00000nam^a2200000^a^4500
001 000187026
005 20250521000000.0
009 20260310102247.471
020 |a 968-859-564-0 
037 |a Acervo ITESO - Biblioteca 
041 |a ESP 
082 |a 320. 01  |b PUT 
100 |a Putnam, Robert D.  |e (autor) 
245 1 0 |a Avances, políticas públicas y agenda de investigación en teoría del capital social /  |c R.D. Putnam. 
264 4 |a México :  |b Universidad Iberoamericana, Plantel Santa Fe, Instituto de Investigaciones sobre Desarrollo Sustentable y Equidad Social,  |c 2005, c2005 
300 |a 27 p. 
336 |a texto  |b txt  |2 rdacontenido 
337 |a sin mediación  |b n  |2 rdamedio 
338 |a volumen  |b nc  |2 rdasoporte 
440 1 |a (Análisis del Desarrollo ;  |v 3) 
649 |a XX 
650 |a Sociedad Civil 
650 |a Capital Social (Ciencias Sociales) 
650 |a Administración Pública 
650 |a Desarrollo Económico-Social 
650 |a Políticas Públicas 
650 |a Política -  |x Teoría 
910 |a Fondo General 
920 |a Impresos - Libros 
930 |a Colección General 
905 |a 101 
901 |a 0500129008  |b IT1  |c ACC  |u 20250521 
902 |a https://opac.biblio.iteso.mx/vufind/Record/000187026